000
00307 a2200109 4500
001
ART_26487
005
20260410161933.0
008
260409a
245
1
0
_a
Elección de técnicas alternativas
100
1
_a
Sebess, Pedro
773
0
_t
Informe
_g
- Año III, Nº 22 (abr. 1971)
_w
REV23765
999
_c
28795
_d
28795